Succeeding with agile : (Record no. 193220)

MARC details
000 -LEADER
fixed length control field 00678nam a2200217Ia 4500
005 - DATE AND TIME OF LATEST TRANSACTION
control field 20221115151017.0
008 - FIXED-LENGTH DATA ELEMENTS--GENERAL INFORMATION
fixed length control field 210716s2013 xx 000 0 und d
020 ## - INTERNATIONAL STANDARD BOOK NUMBER
International Standard Book Number 9788131732267
040 ## - CATALOGING SOURCE
Transcribing agency AIMIT LIBRARY
041 ## - LANGUAGE CODE
Language code of text/sound track or separate title eng
082 ## - DEWEY DECIMAL CLASSIFICATION NUMBER
Classification number 005.365
Edition number 1
Item number COHM
100 ## - MAIN ENTRY--PERSONAL NAME
Personal name Cohn, Mike.
9 (RLIN) 62038
245 ## - TITLE STATEMENT
Title Succeeding with agile :
Remainder of title software development using scrum /
Statement of responsibility, etc. By Mike Cohn.
250 ## - EDITION STATEMENT
Edition statement 1 st ed.
260 ## - PUBLICATION, DISTRIBUTION, ETC.
Place of publication, distribution, etc. New Delhi :
Name of publisher, distributor, etc. Pearson ,
Date of publication, distribution, etc. 2013.
300 ## - PHYSICAL DESCRIPTION
Extent xxviii,475 p.;
Dimensions 24.5 cm.
650 ## - SUBJECT ADDED ENTRY--TOPICAL TERM
Topical term or geographic name entry element Patterns for adopting scrum
9 (RLIN) 62039
650 ## - SUBJECT ADDED ENTRY--TOPICAL TERM
Topical term or geographic name entry element Interating towards agility
9 (RLIN) 62040
650 ## - SUBJECT ADDED ENTRY--TOPICAL TERM
Topical term or geographic name entry element Technical practices
9 (RLIN) 62041
942 ## - ADDED ENTRY ELEMENTS (KOHA)
Source of classification or shelving scheme Dewey Decimal Classification
Koha item type Book
Edition 1st
Call number prefix 005.365 COHM
Holdings
Withdrawn status Lost status Source of classification or shelving scheme Damaged status Not for loan Collection code Home library Current library Source of acquisition Cost, normal purchase price Inventory number Total Checkouts Full call number Barcode Date last seen Cost, replacement price Price effective from Koha item type
    Dewey Decimal Classification     MCA St Aloysius Institute of Management & Information Technology St Aloysius Institute of Management & Information Technology Higginbothams Pvt Ltd 575.00 Bill no:540; Bill dt:2013-04-03   005.365 COHM MCA12728 05/23/2026 431.25 07/16/2021 Book
    Dewey Decimal Classification     MCA St Aloysius Institute of Management & Information Technology St Aloysius Institute of Management & Information Technology Higginbothams Pvt Ltd 575.00 Bill no:540; Bill dt:2013-04-03   005.365 COHM MCA12729 05/23/2026 431.25 07/16/2021 Book